000 00730nam a2200205 a 4500
001 000034942
005 20200930074012.0
008 111021s1967 sp 000 0 spa d
040 _aDO-SdBNP
_bspa
_cBNPHU
082 _axxxx
_bB811r
100 1 _aBradley, David G.
_960519
240 1 0 _aA guide to the worldʻs religions
_lEspañol
245 1 4 _aLas religiones en el mundo /
_cDavid G. Bradley ; traductor Jaime Macein Sinova.
260 _aMadrid :
_bMediterráneo,
_c1967.
300 _a218 p. ;
_c19 cm.
500 _aTítulo original en inglés.
504 _aIncluye referencias bibliográficas al pie de las páginas.
590 _aPerteneció a la biblioteca personal de Juan Isidro Jimenes Grullón.
049 _aBNGR
999 _c34433
_d34433